| 000 | 00365nam a22001457a 4500 | ||
|---|---|---|---|
| 999 |
_c8113 _d8113 |
||
| 003 | OSt | ||
| 005 | 20200804144159.0 | ||
| 008 | 200804b ||||| |||| 00| 0 eng d | ||
| 020 | _a9780711232341 | ||
| 082 |
_a709.2 _bJEN |
||
| 100 | _a Jencks, Charles | ||
| 245 | _aThe universe in the landscape : landforms | ||
| 260 |
_aLondon _bFrances Lincoln _c2011 |
||
| 942 | _2ddc | ||